| 000 | 00819nam a2200265Ia 4500 | ||
|---|---|---|---|
| 003 | OSt | ||
| 005 | 20221005073705.0 | ||
| 006 | a|||||r|||| 00| 0 | ||
| 007 | ta | ||
| 008 | 221004b |||||||| |||| 00| 0 eng d | ||
| 020 |
_a9789388162739 (hbk(Vols set)) _cINR 6499.00 |
||
| 024 | _a65909 | ||
| 037 |
_b286, 22/01/2020, Eastern Book Linkers _cTextual |
||
| 040 |
_aCRL _cCRL _beng |
||
| 041 |
_2eng _aeng |
||
| 082 | _aY:1.2, Q9.1-.4 | ||
| 100 |
_aChandra Suresh Au. _940790 |
||
| 245 | 0 | _aCompendium of ancient culture | |
| 260 |
_aNew Delhi _bInnovative Imprint India _c2019 |
||
| 490 | _vVol. 1 | ||
| 650 | _a INDIA - CIVILIZATION | ||
| 650 | _aCULTURE | ||
| 942 |
_hY:1.2, Q9.1-.4 _cTEXL _2cc |
||
| 999 |
_c981537 _d981537 |
||